Chicago Bulls Leading Rebounder per year - Statistics

General Stats
  • This quiz has been taken 43 times
  • The average score is 30 of 57
Answer Stats
Year Player % Correct
1998 Dennis Rodman
100%
1997 Dennis Rodman
100%
1996 Dennis Rodman
100%
2014 Joakim Noah
93%
2013 Joakim Noah
93%
2012 Joakim Noah
93%
2011 Joakim Noah
93%
2010 Joakim Noah
93%
1995 Scottie Pippen
89%
2023 Nikola Vučević
86%
2022 Nikola Vučević
86%
2021 Nikola Vučević
86%
1982 Artis Gilmore
82%
1981 Artis Gilmore
82%
1979 Artis Gilmore
82%
1978 Artis Gilmore
82%
1977 Artis Gilmore
82%
1994 Horace Grant
82%
1993 Horace Grant
82%
1992 Horace Grant
82%
1991 Horace Grant
82%
1990 Horace Grant
82%
1989 Horace Grant
82%
1985 Michael Jordan
82%
1988 Charles Oakley
68%
1987 Charles Oakley
68%
1986 Charles Oakley
68%
2001 Elton Brand
64%
2000 Elton Brand
64%
2006 Tyson Chandler
50%
2005 Tyson Chandler
50%
1967 Jerry Sloan
46%
2017 Taj Gibson
46%
2007 Ben Wallace
43%
1999 Toni Kukoč
43%
2020 Wendell Carter Jr.
36%
2019 Lauri Markkanen
32%
2018 Lauri Markkanen
32%
2016 Pau Gasol
29%
2015 Pau Gasol
29%
1976 Tom Boerwinkle
18%
1972 Tom Boerwinkle
18%
1971 Tom Boerwinkle
18%
1970 Tom Boerwinkle
18%
1969 Tom Boerwinkle
18%
1975 Nate Thurmond
14%
2004 Antonio Davis
11%
2002 Brad Miller
11%
1974 Clifford Ray
7%
1973 Clifford Ray
7%
1984 Dave Greenwood
7%
1983 Dave Greenwood
7%
1980 Dave Greenwood
7%
2008 Drew Gooden
7%
1968 Jim Washington
7%
2003 Donyell Marshall
4%
2009 John Salmons
4%
No matching quizzes found
Score Distribution
Percent of People with Each Score
Percentile by Number Answered
Your Score History
You have not taken this quiz